| 000 | 00563nam a2200193Ia 4500 | ||
|---|---|---|---|
| 005 | 20250923144741.0 | ||
| 008 | 008 250917s9999 xx 000 0 eng d | ||
| 037 | _aTextual | ||
| 040 |
_aDSWL _beng _cDSWL |
||
| 041 |
_aeng _2eng |
||
| 084 |
_aLAt2:N4.7, H8.1 _qDSWL |
||
| 245 | 0 | _aReport of the committee on Indigenous system of medicine Vol. I | |
| 260 |
_aDelhi _b Govt. Of India Manager of Publication _c1948 |
||
| 300 | _avi,200p. | ||
| 365 |
_aINR _b7 |
||
| 925 | _g7 | ||
| 942 |
_cTEXL _hLAt2:N4.7, H8.1 |
||
| 999 |
_c1442881 _d1442881 |
||